000 01265nam a2200313Ia 4500
001 ebr10146830
003 CaPaEBR
006 m u
007 cr cn|||||||||
008 940808s1994 bcca sb 001 0 eng d
010 _z 94910712
020 _z9780774804981
020 _z077480498X :
020 _z0774805153
040 _aCaPaEBR
_cCaPaEBR
035 _a(OCoLC)180704423
050 1 4 _aF1035.8
_b.S73 1994eb
100 1 _aStewart, Ian Hampton,
_d1953-
245 1 0 _aRoasting chestnuts
_h[electronic resource] :
_bthe mythology of Maritime political culture /
_cIan Stewart.
260 _aVancouver :
_bUBC Press,
_cc1994.
300 _axii, 198 p. :
_bill.
504 _aIncludes bibliographical references (p. [183]-192) and index.
533 _aElectronic reproduction.
_bPalo Alto, Calif. :
_cebrary,
_d2009.
_nAvailable via World Wide Web.
_nAccess may be limited to ebrary affiliated libraries.
650 0 _aPolitical culture
_zMaritime Provinces
_xHistory
_y20th century.
651 0 _aMaritime Provinces
_xHistory
_y20th century.
655 7 _aElectronic books.
_2local
710 2 _aebrary, Inc.
856 4 0 _uhttp://site.ebrary.com/lib/rucke/Doc?id=10146830
_zAn electronic book accessible through the World Wide Web; click to view
999 _c88490
_d88490